000 00298nam a22001337a 4500
008 170309b xxu||||| |||| 00| 0 eng d
020 _a9780323036665
041 _aeng
080 _23RD
_a611
100 _a6
101 _aSHM
245 _aENDOCRINE PHYSIOLOGY
_cPORTERFIELD, S.P
942 _2udc
_cBK
999 _c7309
_d7309